Fact... or Misconception #1 - Statistics

General Stats
  • This quiz has been taken 36,258 times
    22,868 since last reset
  • The average score is 10 of 15
Answer Stats
Question Answer % Correct
Tortoises can live longer than humans Fact
95%
Most people in Mexico speak Spanish as a first language Fact
92%
China has won more than 50% of all Olympic gold medals in table tennis Fact
86%
Dijon mustard is named after the city of Dijon, France Fact
79%
Fortune cookies were invented in China Misconception
77%
The whale shark is a type of whale Misconception
76%
Snakes kill thousands of people in Australia each year Misconception
75%
Identical twins have the same fingerprints Misconception
71%
Humans evolved from chimpanzees Misconception
69%
David Hasselhoff was once a popular singer in Germany Fact
66%
Iceland is colder than most other European countries Fact
65%
French people drink a lot more wine than people in most other countries Fact
57%
Thomas Edison electrocuted an elephant in order to discredit A/C power as unsafe Misconception
52%
The Incan Empire lasted for thousands of years before the Spanish conquest Misconception
50%
There are actual bird nests in traditional Chinese "bird's nest soup" Fact
32%
No matching quizzes found
Score Distribution
Percent of People with Each Score
Percentile by Number Answered
Your Score History
You have not taken this quiz since the last reset